[Event "TUR-chT2"]
[Site "Konya"]
[Date "2014.06.25"]
[Round "4.4"]
[White "Bal, Enes Emre"]
[Black "Bayik, Hasan"]
[Result "0-1"]
[WhiteElo "1821"]
[BlackElo "2042"]
[PlyCount "90"]
[EventDate "2014.06.23"]
[EventType "team-swiss"]
[EventRounds "9"]
[EventCountry "TUR"]
[SourceTitle "CBM 161 Extra"]
[Source "ChessBase"]
[SourceDate "2014.08.29"]
[SourceVersion "1"]
[SourceVersionDate "2014.08.29"]
[SourceQuality "1"]
[WhiteTeam "Karaman Belediye"]
[BlackTeam "Burdur"]
[WhiteTeamCountry "TUR"]
[BlackTeamCountry "TUR"]

1. e4 c6 2. d4 d5 3. exd5 cxd5 4. c4 Nf6 5. Nc3 Nc6 6. Nf3 e6 7. c5 Ne4 8. Bb5 Qa5 9. Bxc6+ bxc6 10. 0-0 Nxc3 11. bxc3 f6 12. Bf4 Be7 13. Re1 Bd8 14. Nh4 0-0 15. Bd6 Rf7 16. Qf3 e5 17. dxe5 fxe5 18. Rxe5 Bd7 19. Nf5 Bf6 20. Qg3 Bxf5 21. Rxf5 Qxc3 22. Qxc3 Bxc3 23. Rxf7 Kxf7 24. Rb1 Re8 25. Rb7+ Kg6 26. g4 Re4 27. f4 Rc4 28. h4 h5 29. g5 Bd4+ 30. Kg2 Kf5 31. Be5 Bxe5 32. fxe5 Rxh4 33. Rxg7 Rg4+ 34. Kf3 Rxg5 35. Rxa7 Kxe5 36. Rh7 Kd4 37. Kf4 Rg2 38. a4 Rf2+ 39. Kg3 Rf5 40. a5 Kxc5 41. a6 Kb6 42. a7 Rf8 43. Rh6 Ra8 44. Kf4 Rxa7 45. Rxh5 Re7 0-1

[Event "TUR-ch op"]
[Site "Antalya"]
[Date "2008.02.08"]
[Round "8.19"]
[White "Bayik, Hasan"]
[Black "Seyhanoglu, Deniz"]
[Result "0-1"]
[WhiteElo "1998"]
[BlackElo "2051"]
[PlyCount "97"]
[EventDate "2008.02.04"]
[EventType "swiss"]
[EventRounds "11"]
[EventCountry "TUR"]
[SourceTitle "CBM 122 Extra"]
[Source "ChessBase"]
[SourceDate "2008.03.04"]
[SourceVersion "1"]
[SourceVersionDate "2008.03.04"]
[SourceQuality "1"]

1. Nf3 d5 2. c4 c6 3. d4 Nf6 4. Nc3 a6 5. e3 b5 6. cxd5 cxd5 7. Ne5 e6 8. Bd3 Bb7 9. 0-0 Nbd7 10. f4 Be7 11. Qf3 0-0 12. a3 Nb6 13. g4 Nbd7 14. g5 Nxe5 15. dxe5 Ne4 16. Rd1 Nxc3 17. bxc3 g6 18. Bb2 Qb6 19. Qe2 Rfc8 20. h4 Qc6 21. h5 Bc5 22. Kf2 Kf8 23. hxg6 hxg6 24. Qf3 Ke7 25. Kg3 Qb6 26. Rh1 Bxe3 27. Rh7 Rg8 28. Rah1 Rac8 29. Ba1 d4 30. Rxf7+ Kxf7 31. Rh7+ Rg7 32. Bxg6+ Kf8 33. Qh5 Rxh7 34. Qxh7 Qc7 35. Qh8+ Ke7 36. Qf6+ Kd7 37. Qf7+ Kc6 38. Qxe6+ Kc5 39. cxd4+ Bxd4 40. Bxd4+ Kxd4 41. Kg4 Bd5 42. Qxa6 Qd7+ 43. Bf5 Bf3+ 44. Kxf3 Qxf5 45. Qd6+ Kc3 46. Qb4+ Kc2 47. Qe4+ Qxe4+ 48. Kxe4 Kb3 49. Kd4 0-1

[Event "TUR-ch op"]
[Site "Antalya"]
[Date "2008.02.07"]
[Round "6.27"]
[White "Bayik, Hasan"]
[Black "Donmez, Yusuf"]
[Result "1-0"]
[WhiteElo "1998"]
[BlackElo "2137"]
[PlyCount "99"]
[EventDate "2008.02.04"]
[EventType "swiss"]
[EventRounds "11"]
[EventCountry "TUR"]
[SourceTitle "CBM 122 Extra"]
[Source "ChessBase"]
[SourceDate "2008.03.04"]
[SourceVersion "1"]
[SourceVersionDate "2008.03.04"]
[SourceQuality "1"]

1. Nf3 Nf6 2. c4 e6 3. d4 Nc6 4. Nc3 Bb4 5. e3 Ne4 6. Bd2 Bxc3 7. Bxc3 d5 8. Bd3 f5 9. Qc2 0-0 10. b4 a5 11. b5 Nb4 12. Bxb4 axb4 13. Bxe4 fxe4 14. Ne5 Qg5 15. g3 Ra3 16. 0-0 c5 17. bxc6 bxc6 18. Nxc6 Ba6 19. Qb2 Bxc4 20. Qxb4 Bxf1 21. Qxa3 Bh3 22. Ne5 h5 23. Qb2 Rf5 24. Qe2 Rxe5 25. dxe5 Bg4 26. Qf1 Qf5 27. a4 Bh3 28. Qe2 Bg4 29. Qe1 Bh3 30. f4 exf3 31. a5 Qxe5 32. Ra2 d4 33. Kf2 dxe3+ 34. Qxe3 Qb5 35. Qd2 Bg2 36. a6 Qc5+ 37. Qe3 Qc4 38. Ra1 Bh3 39. Kxf3 Qc2 40. Qd4 Bg4+ 41. Kf4 e5+ 42. Kxe5 Qc7+ 43. Ke4 Qc2+ 44. Kf4 Qf5+ 45. Ke3 Qf3+ 46. Kd2 Qe2+ 47. Kc3 Qf3+ 48. Kb4 Qf8+ 49. Qc5 Qf6 50. Ra2 1-0

[Event "TUR-ch op"]
[Site "Antalya"]
[Date "2008.02.06"]
[Round "5.29"]
[White "Bayik, Hasan"]
[Black "Dogan, Nazmi Can"]
[Result "1/2-1/2"]
[WhiteElo "1998"]
[BlackElo "2006"]
[PlyCount "124"]
[EventDate "2008.02.04"]
[EventType "swiss"]
[EventRounds "11"]
[EventCountry "TUR"]
[SourceTitle "CBM 122 Extra"]
[Source "ChessBase"]
[SourceDate "2008.03.04"]
[SourceVersion "1"]
[SourceVersionDate "2008.03.04"]
[SourceQuality "1"]

1. c4 Nf6 2. Nc3 g6 3. g3 Bg7 4. Bg2 0-0 5. Nf3 d6 6. d4 Nc6 7. 0-0 a6 8. h3 Rb8 9. e4 b5 10. e5 Ne8 11. cxb5 axb5 12. Ng5 Na5 13. Qe2 b4 14. e6 bxc3 15. exf7+ Rxf7 16. Nxf7 Kxf7 17. bxc3 Nf6 18. Re1 Rb6 19. Bg5 h6 20. Bxf6 Bxf6 21. h4 h5 22. Bd5+ Kg7 23. Rab1 c6 24. Be4 d5 25. Bd3 Rxb1 26. Rxb1 Nb7 27. Qc2 g5 28. hxg5 Bxg5 29. f4 Bf6 30. Bg6 Nd6 31. f5 Qh8 32. Kg2 h4 33. Rh1 Qh6 34. gxh4 Bxh4 35. Qc1 Qxc1 36. Rxc1 e6 37. a4 exf5 38. Bh5 Bg5 39. Rb1 Bd2 40. Rb6 Bxc3 41. Rxc6 Bb4 42. Bf3 Kf8 43. Rb6 Ba3 44. Bxd5 Ke7 45. a5 f4 46. a6 Bxa6 47. Rxa6 Bb2 48. Ra4 Nf5 49. Kf3 Kd6 50. Be4 Nxd4+ 51. Kxf4 Ne6+ 52. Kf5 Nc5 53. Rb4 Nxe4 54. Rxb2 Nc5 55. Rd2+ Kc6 56. Ke5 Nd7+ 57. Kd4 Kd6 58. Rh2 Ke6 59. Rh5 Nf6 60. Ra5 Nd7 61. Ke4 Nf6+ 62. Kf4 Nd5+ 1/2-1/2